|
|
|
|
| LEADER |
00000cam a2200000 a 4500 |
| 001 |
UCR4724 |
| 003 |
CL-VaPUC |
| 008 |
980313e19750000US |||||||||||||||||eng|d |
| 082 |
0 |
4 |
|a 664.8
|b WOO
|2 21
|
| 100 |
0 |
|
|a Woodroof, Jasper Guy
|e author
|9 405280
|
| 700 |
|
|
|a Luh, Bor Shiun
|e autor
|9 405281
|
| 245 |
1 |
0 |
|a Commercial fruit processing
|
| 250 |
|
|
|a 1a. ed
|
| 300 |
|
|
|a 720 p
|
| 942 |
|
|
|c BK
|
| 945 |
|
|
|d 19980313 00:00:00
|a crobeson
|
| 260 |
|
|
|a Westport
|b Avi
|c 1975
|
| 650 |
|
7 |
|a PROCESAMIENTO DE FRUTAS
|2 CL-VaPUC
|9 259511
|
| 650 |
|
0 |
|a Frutas
|9 259500
|
| 583 |
|
|
|a last modification
|c 20180112 01:17:52
|k Rodrigo Vera
|
| 999 |
|
|
|c 267618
|d 267616
|
| 952 |
|
|
|0 0
|1 0
|4 0
|6 664_800000000000000_WOO_1975
|7 0
|8 A
|9 300055
|a BIBALI
|b BIBALI
|d 2019-11-20
|i 1962000
|o 664.8 WOO 1975
|p 1962000
|r 2025-01-20
|w 2019-11-20
|y BK
|k ALI
|
| 952 |
|
|
|0 0
|1 0
|3 erd
|4 0
|6 664_800000000000000_WOO_1975
|7 0
|8 A
|9 300056
|a BIBALI
|b BIBALI
|i 5448271
|o 664.8 WOO 1975
|p 5448271
|r 2025-01-20
|w 2019-11-20
|y BK
|z Catalogado en:20180114
|k ALI
|